Click a Cat: Language Edition Quiz Stats

 Plays Quiz Updated Nov 21, 2014

Challenge
Share
Tweet
Embed
Score 0/15 Timer 05:00
0 Plays Today
% Correct
cat
96.1%
kat
92.9%
chat
87.6%
gato
85.8%
Katze
85%
gatto
84.3%
кот
83.1%
kot
83%
% Correct
catus
82.2%
kass
76.5%
kissa
57.6%
kočka
53.5%
kedi
43.3%
macska
35.3%
paka
26.5%

You're not logged in!

Compare scores with friends on all Sporcle quizzes.
OR
Log In

You Might Also Like...

Show Comments

Extras

Top Quizzes Today


Score Distribution

Your Account Isn't Verified!

In order to create a playlist on Sporcle, you need to verify the email address you used during registration. Go to your Sporcle Settings to finish the process.

Report this User

Report this user for behavior that violates our Community Guidelines.

Details: